书目信息 |
| 题名: |
雅思高分·阅读
|
|
| 作者: | 宁园 主编 ;陈瑜 编 | |
| 分册: | ||
| 出版信息: | 上海 上海交通大学出版社 2005.3重印 |
|
| 页数: | 248页 | |
| 开本: | 26cm | |
| 丛书名: | 朗阁IELTS应试系列丛书 | |
| 单 册: | ||
| 中图分类: | H319.4 | |
| 科图分类: | ||
| 主题词: | 英语--ying yu--阅读教学--高等学校--入学考试--升学参考资料 , 阅读教学--yue du jiao xue , 英语--ying yu | |
| 电子资源: | ||
| ISBN: | 7-313-03258-7 | |
| 000 | 01073nam0 2200301 45 | |
| 001 | 012005000794 | |
| 005 | 20061026165859.10 | |
| 010 | @a7-313-03258-7@dCNY23.00 | |
| 100 | @a20050616d2003 em y0chiy0121 ea | |
| 101 | 0 | @achi@aeng |
| 102 | @aCN@b310000 | |
| 105 | @ay z 000yy | |
| 200 | 1 | @a雅思高分·阅读@Aya si gao fen· yue du@f宁园主编@g陈瑜 … [等]编 |
| 205 | @a2版 | |
| 210 | @a上海@c上海交通大学出版社@d2005.3重印 | |
| 215 | @a248页@d26cm | |
| 225 | 2 | @a朗阁IELTS应试系列丛书@Alang ge IELTS ying shi xi lie cong shu |
| 304 | @a本书编者为:陈瑜、胡怿之、贾若寒等 | |
| 330 | @a本书内容分为五个章节:第1章雅思阅读概况,第2章基本阅读技巧讲解,第3章和第4章雅思阅读策略及题型技巧讲解,及第5章的10套雅思阅读模拟试题。 | |
| 461 | 0 | @12001 @a朗阁IELTS应试系列丛书 |
| 606 | 0 | @a英语@Aying yu@x阅读教学@x高等学校@x入学考试@j升学参考资料 |
| 606 | 0 | @a阅读教学@Ayue du jiao xue |
| 606 | 0 | @a英语@Aying yu |
| 690 | @aH319.4@v4 | |
| 701 | 0 | @a宁园@Aning yuan@4主编 |
| 702 | 0 | @a陈瑜@Achen yu@4编 |
| 801 | 0 | @aCN@c20061026 |
| 905 | @a10447@dH319.4@eN695 | |
| 雅思高分·阅读/宁园主编/陈瑜 … [等]编.-2版.-上海:上海交通大学出版社,2005.3重印 |
| 248页;26cm.-(朗阁IELTS应试系列丛书) |
| ISBN 7-313-03258-7:CNY23.00 |
| 本书内容分为五个章节:第1章雅思阅读概况,第2章基本阅读技巧讲解,第3章和第4章雅思阅读策略及题型技巧讲解,及第5章的10套雅思阅读模拟试题。 |
| ● |
| 相关链接 |
|
|
|
正题名:雅思高分·阅读
索取号:H319.4/N695
 
预约/预借
| 序号 | 登录号 | 条形码 | 馆藏地/架位号 | 状态 | 备注 |
| 1 | 631147 | 206311472 | 语言库209/209语言库 47排5列2层/ [索取号:H319.4/N695] | 在馆 | |
| 2 | 631148 | 206311481 | 语言库209/209语言库 47排5列2层/ [索取号:H319.4/N695] | 在馆 | |
| 3 | 631149 | 206311490 | 语言库209/209语言库 47排5列2层/ [索取号:H319.4/N695] | 在馆 |